Human development
Human development, 9th ed., continues to provide a well-written, chronological view of lifespan development. It combines up-to-date coverage of research with applications and real-life examples that appeal to nursing and educatuon students, as well as parents. The text includes coverage of social po...
Saved in:
| Main Author: | |
|---|---|
| Format: | Book |
| Language: | Undetermined |
| Published: |
Boston
McGraw-Hill
2009
|
| Subjects: | |
| Tags: |
Add Tag
No Tags, Be the first to tag this record!
|
| Institutions: | Trung tâm Học liệu Trường Đại học Cần Thơ |
|---|
| LEADER | 01005nam a2200205Ia 4500 | ||
|---|---|---|---|
| 001 | CTU_179039 | ||
| 008 | 210402s9999 xx 000 0 und d | ||
| 020 | |c 3140000 | ||
| 082 | |a 155 | ||
| 082 | |b C891 | ||
| 100 | |a Crandell, Thomas L. | ||
| 245 | 0 | |a Human development | |
| 245 | 0 | |c Thomas L. Crandell, Corinne Haines Crandell, James W. Vander Zanden. | |
| 260 | |a Boston | ||
| 260 | |b McGraw-Hill | ||
| 260 | |c 2009 | ||
| 520 | |a Human development, 9th ed., continues to provide a well-written, chronological view of lifespan development. It combines up-to-date coverage of research with applications and real-life examples that appeal to nursing and educatuon students, as well as parents. The text includes coverage of social policy, cross-cultural topics, and current health. | ||
| 650 | |a Developmental psychology,Developmental psychobiology,Tâm lý phát triển,Tâm sinh lý phát triển | ||
| 904 | |i Trọng Hiếu | ||
| 980 | |a Trung tâm Học liệu Trường Đại học Cần Thơ | ||